Lirica mexicana (Record no. 92902)

MARC details
000 -LEADER
campo de control de longitud fija 00452nam a2200145 i 4500
001 - NÚMERO DE CONTROL
campo de control 92902
003 - IDENTIFICADOR DE NÚMERO DE CONTROL
campo de control ES-MaACL
005 - FECHA Y HORA DE LA ÚLTIMA TRANSACCIÓN
campo de control 20230906181101.0
007 - CAMPO FIJO DE DESCRIPCIÓN FÍSICA--INFORMACIÓN GENERAL
campo de control de longitud fija t|
008 - DATOS DE LONGITUD FIJA--INFORMACIÓN GENERAL
campo de control de longitud fija 050330q1919 sp ||||1| spa d
245 00 - MENCIÓN DEL TÍTULO
Título Lirica mexicana
Resto del título : Antología publicada por la Legación de México con motivo de la Fiesta de la Raza 12 Octubre de 1919.
260 ## - PUBLICACIÓN, DISTRIBUCIÓN, ETC.
Lugar de publicación, distribución, etc. Madrid :
Nombre del editor, distribuidor, etc. [Jimenez y Molina,
Fecha de publicación, distribución, etc. 1919?]
300 ## - DESCRIPCIÓN FÍSICA
Extensión 327 p. ;
Dimensiones 14 cm.
852 ## - LOCALIZACIÓN
Ubicación ES-MaACL
Número de control de estantería D-669
Holdings
Estatus retirado Estado de pérdida Estado de daño No para préstamo Biblioteca de origen Biblioteca actual Ubicación en estantería Fecha de adquisición Fuente de adquisición Total de préstamos Signatura topográfica completa Código de barras Visto por última vez Precio de reemplazo Tipo de ítem Koha
        Biblioteca del Ateneo de Madrid Biblioteca del Ateneo de Madrid Sala Valle Inclán 17/01/2008     D-669 901096983 23/02/2023 23/02/2023 Libro impreso